000 00318nam a2200133 i 4500
001 bg
100 1 _aSCHULTZE, Dietrich
245 0 _aTermiczna analiza różnicowa /
_cDietrich Schultze.
260 _aWarszawa,
_c1974.
040 _cBPK
041 _apol
942 _cKS
008 s pl f |000 0 pol
999 _c16755
_d16755
856 _uhttp://koha.tu.koszalin.pl/cgi-bin/koha/opac-detail.pl?biblionumber=16755
_yKatalog online BPK